| 000 | 00437nam a22001697a 4500 | ||
|---|---|---|---|
| 003 | CEME | ||
| 005 | 20210628205253.0 | ||
| 008 | 210225b xxu||||| |||| 00| 0 eng d | ||
| 040 | _c. | ||
| 082 | _a297.63 KHA'A | ||
| 100 |
_aKhazanvi, Khalid Dr _974686 |
||
| 245 | _aImraz-e-jild aur aulaj-e-nabvi | ||
| 260 |
_aLAHORE _bALFAISAL _c1996 |
||
| 300 | _a352P | ||
| 650 |
_aISLAM-IMRAZ-E-JILD AUR AULAJ-E-NABVI _974687 |
||
| 942 |
_cBK _2ddc |
||
| 999 |
_c580193 _d580193 |
||